Plan de mejora del flujo de proceso productivo en la fabricación de loza cerámica para la empresa INCESA STANDARD, Managua

El trabajo de investigación abordó el análisis del flujo por proceso productivo utilizando herramientas para registrar y documentar cada etapa de producción, con evidencio diferentes incidencias que limitaban la capacidad de controlar el flujo del proceso productivo.

Bibliographic Details
Main Authors: González Chavarría, Jelvin, García Campos, Marcelino Alexander
Other Authors: Tutor: Boza Castro, Freddy Fernando
Format: Tesis Section = Libro
Language:Undetermined
Spanish
Published: Managua UNI 2022
Subjects:
LEADER 01179nam a2200277Ia 4500
008 240830s9999 xx 000 0 und d
040 |a BIBLIOTECA-RUPAP/ Mon 658.542 G643 
041 |a spa 
082 |a Mon 658.542 G643 
100 1 |a González Chavarría, Jelvin 
100 1 |b  García Campos, Marcelino Alexander 
245 1 0 |a Plan de mejora del flujo de proceso productivo en la fabricación de loza cerámica para la empresa INCESA STANDARD, Managua 
260 |a Managua  |b UNI  |c 2022 
300 |a 79 p. :il. 
500 |a Contiene: anexos y CD. 
502 |a Tesis (Ingeniero Industrial) - UNI, 2022. 
520 3 |a El trabajo de investigación abordó el análisis del flujo por proceso productivo utilizando herramientas para registrar y documentar cada etapa de producción, con evidencio diferentes incidencias que limitaban la capacidad de controlar el flujo del proceso productivo. 
650 7 |a CONTROL DE CALIDAD 
650 7 |b  CALIDAD DE LOS PRODUCTOS 
650 7 |c  NORMALIZACION DE PROCESOS 
650 7 |d  FLUJO PRODUCTIVO 
650 7 |e  CERAMICA 
700 1 |a Tutor:  |b Boza Castro, Freddy Fernando 
942 |c BK  |2 ddc 
991 |a Tesis 
999 |c 27649